| 000 | 00388nam a2200169Ia 4500 | ||
|---|---|---|---|
| 003 | STCL | ||
| 008 | 181203s9999 xx 000 0 und d | ||
| 020 | _a9788131713310 | ||
| 040 |
_aSTCL _bEN _cSTCL |
||
| 082 | _222 | ||
| 100 | _aWaterman, Donald A. | ||
| 245 | 2 | _aA Guide to Expert Systems | |
| 260 |
_bPearson _aNoida _c2014 |
||
| 300 | _a419 | ||
| 546 | _aEnglish | ||
| 942 |
_2ddc _cBK |
||
| 999 |
_c86443 _d86443 |
||